Movies Quiz

Random Movies or Clickable Quiz

Greatest Movie Villains Quiz Stats

 Plays Quiz not verified by Sporcle

Challenge
Share
Tweet
Embed
Score 0/45 Timer 10:00
0 Plays Today
% Correct
The Dark Knight
97.6%
The Silence of the Lambs
95.1%
Psycho
93.9%
Halloween
92.7%
Die Hard
92.7%
Nightmare on Elm Street
92.1%
Scarface
92.1%
Saw
91.5%
Friday the 13th
90.2%
One Flew Over The Cuckoo's Nest
90.2%
Texas Chainsaw Massacre
89.6%
Resevoir Dogs
89%
American Psycho
87.2%
The Shining
87.2%
Seven
86%
Misery
84.1%
No Country For Old Men
82.3%
Gangs of New York
81.7%
A Clockwork Orange
81.1%
Apocalypse Now
75%
Whatever Happened to Baby Jane?
75%
Cape Fear
70.7%
Monster
67.7%
% Correct
Training Day
67.1%
Death Proof
57.3%
Fatal Attraction
57.3%
Casino
56.1%
Marathon Man
53.7%
Blue Velvet
53.7%
Pan's Labyrinth
49.4%
Rosemary's Baby
46.3%
Third Man
41.5%
Fargo
40.9%
Robocop
38.4%
Primal Fear
37.8%
Sexy Beast
32.9%
Night of the Hunter
32.3%
Apocalypto
31.7%
The Wicker Man
31.1%
The Wire
30.5%
Wrath of God
29.3%
Funny Games
28%
The Hitcher
25.6%
True Romance
23.8%
Badlands
22.6%

You're not logged in!

Compare scores with friends on all Sporcle quizzes.
OR
Log In

You Might Also Like...

Show Comments

Extras

Top Quizzes Today


Score Distribution

Your Account Isn't Verified!

In order to create a playlist on Sporcle, you need to verify the email address you used during registration. Go to your Sporcle Settings to finish the process.

Report this User

Report this user for behavior that violates our Community Guidelines.

Details: